[Event "FIDE World Bl Team Pool D"]
[Site "London ENG"]
[Date "2025.06.14"]
[Round "6.5"]
[White "Kaliakhmet, Elnaz"]
[Black "Cujba, Anca-Claudia"]
[Result "1-0"]
[WhiteTitle "WFM"]
[WhiteElo "2218"]
[BlackElo "1741"]
[WhiteTeam "KazChess"]
[BlackTeam "REY AHOGADO"]
[WhiteFideId "13730169"]
[BlackFideId "1215612"]
[EventDate "2025.06.14"]
[EventType "team"]

1. d4 Nf6 2. c4 g6 3. Nc3 Bg7 4. e4 d6 5. h3 O-O 6. Be3 a5 7. g4 e5 8. d5 Na6 9.
Nge2 Nc5 10. Ng3 Ne8 11. Qc2 Qh4 12. Qd2 h6 13. O-O-O Bd7 14. Kb1 a4 15. Be2 Kh7
16. g5 f5 17. gxf6 Nxf6 18. Qc2 Ne8 19. Rdg1 Qd8 20. Bg4 Nf6 21. Bxd7 Qxd7 22.
Rh2 c6 23. Rhg2 b5 24. dxc6 Qxc6 25. cxb5 Qb7 26. f3 Rfc8 27. Nge2 g5 28. Qd2 a3 1-0

[Event "FIDE World Bl Team Pool D"]
[Site "London ENG"]
[Date "2025.06.14"]
[Round "6.1"]
[White "Nogerbek, Kazybek"]
[Black "Orozbaev, Eldiyar"]
[Result "0-1"]
[WhiteTitle "GM"]
[BlackTitle "IM"]
[WhiteElo "2538"]
[BlackElo "2367"]
[WhiteTeam "Barys.kz"]
[BlackTeam "Noval Group Kyrgyzstan"]
[WhiteFideId "13710427"]
[BlackFideId "13802240"]
[EventDate "2025.06.14"]
[EventType "team"]

1. Nf3 d5 2. g3 Nd7 3. Bg2 e5 4. d3 Ngf6 5. O-O Bd6 6. Nc3 c6 7. Nd2 Nc5 8. e4
dxe4 9. Ncxe4 Nfxe4 10. dxe4 Bc7 11. b3 a5 12. Ba3 Qe7 13. Nc4 b5 14. Ne3 b4 15.
Bb2 O-O 16. Qh5 a4 17. Rad1 axb3 18. axb3 Ra2 19. Ba1 g6 20. Qf3 Ne6 21. h4 h5
22. Rfe1 Nd4 23. Bxd4 exd4 24. Rxd4 Be5 25. Rc4 Be6 26. Rxc6 Kg7 27. Rd1 Rfa8
28. Bf1 Ra1 29. Rxa1 Rxa1 30. Ra6 Rc1 31. Qe2 Bc3 32. Kh2 Qf6 33. Nd5 Qd4 34.
Nf4 Bg4 35. Qe3 Qxe3 36. fxe3 Rxf1 37. Nd3 Rd1 38. e5 Rd2+ 39. Kg1 Rxc2 40. Ra7
Re2 41. e6 Bxe6 42. Nf4 Rxe3 43. Kf2 Re5 44. Kf3 Bg4+ 45. Kg2 Re4 46. Rb7 Rd4
47. Kf2 Rd2+ 48. Ke3 Rb2 49. Nd3 Re2+ 0-1

[Event "FIDE World Bl Team Pool D"]
[Site "London ENG"]
[Date "2025.06.14"]
[Round "6.2"]
[White "Sharshenbekov, Emir"]
[Black "Makhnev, Denis"]
[Result "0-1"]
[WhiteTitle "CM"]
[BlackTitle "GM"]
[WhiteElo "2091"]
[BlackElo "2531"]
[WhiteTeam "Noval Group Kyrgyzstan"]
[BlackTeam "Barys.kz"]
[WhiteFideId "13810634"]
[BlackFideId "13707647"]
[EventDate "2025.06.14"]
[EventType "team"]

1. e4 e5 2. Nf3 Nc6 3. Nc3 Nf6 4. Bb5 Bd6 5. O-O O-O 6. Bxc6 dxc6 7. d4 exd4 8.
Qxd4 Ng4 9. Rd1 Qe7 10. Bg5 Bxh2+ 11. Nxh2 Qxg5 12. Nf3 Qh5 13. Ne2 Re8 14. Ng3
Qg6 15. Qd8 Nf6 16. Qxc7 Bg4 17. Qf4 Nxe4 18. Nh4 Qf6 19. Qxg4 Nxf2 20. Qf5 Qxf5
21. Nhxf5 Nxd1 22. Rxd1 g6 23. Nd6 Rad8 24. Rd3 Re7 25. Kf2 Kf8 26. Nc4 Rxd3 27.
cxd3 f5 28. Ne2 Kg7 29. Nf4 Kf6 30. Kf3 h5 31. Ne3 h4 32. d4 g5 33. Nd3 Re4 34.
Nc2 g4+ 35. Kf2 h3 36. gxh3 gxh3 37. Kg3 h2 38. Nf2 Re2 0-1

[Event "FIDE World Bl Team Pool D"]
[Site "London ENG"]
[Date "2025.06.14"]
[Round "6.3"]
[White "Mamedov, Edgar"]
[Black "Degenbaev, Aziz"]
[Result "1-0"]
[WhiteTitle "IM"]
[BlackTitle "FM"]
[WhiteElo "2509"]
[BlackElo "2286"]
[WhiteTeam "Barys.kz"]
[BlackTeam "Noval Group Kyrgyzstan"]
[WhiteFideId "13739980"]
[BlackFideId "13802640"]
[EventDate "2025.06.14"]
[EventType "team"]

1. d4 Nf6 2. c4 g6 3. Nc3 Bg7 4. e4 d6 5. Nf3 O-O 6. Be2 e5 7. O-O Nc6 8. d5 Ne7
9. b4 a5 10. bxa5 Rxa5 11. a4 b6 12. Nd2 Ne8 13. Nb3 Ra8 14. a5 bxa5 15. Nxa5
Rb8 16. Ba3 f5 17. c5 dxc5 18. Bxc5 Nd6 19. Nc4 Kh8 20. Ba3 Bb7 21. Nxd6 cxd6
22. Nb5 Nc8 23. exf5 gxf5 24. Rc1 Ba6 25. Nc7 Bxe2 26. Qxe2 Qg5 27. Ne6 Qf6 28.
Nxf8 Bxf8 29. Rc6 Na7 30. Rcc1 Nb5 31. Bb2 Kg8 32. f4 Nd4 33. Bxd4 exd4 34. Qe6+
Qxe6 35. dxe6 Kg7 36. Rfd1 Kf6 37. Rxd4 Kxe6 38. Re1+ Kf6 39. Rd2 h5 40. g3 Rb7
41. Kg2 Be7 42. Rde2 Rd7 43. Re6+ Kf7 44. Rh6 d5 45. Rxh5 Kg6 46. Rh8 Bf6 47.
Ra8 d4 48. Rd1 Rc7 49. Rd2 Rc3 50. Ra6 Rb3 51. Rxd4 1-0

[Event "FIDE World Bl Team Pool D"]
[Site "London ENG"]
[Date "2025.06.14"]
[Round "6.4"]
[White "Zhakshylykov, Erzhan"]
[Black "Agmanov, Zhandos"]
[Result "1-0"]
[WhiteTitle "IM"]
[BlackTitle "IM"]
[WhiteElo "2362"]
[BlackElo "2481"]
[WhiteTeam "Noval Group Kyrgyzstan"]
[BlackTeam "Barys.kz"]
[WhiteFideId "13804111"]
[BlackFideId "13708309"]
[EventDate "2025.06.14"]
[EventType "team"]

1. c4 Nf6 2. Nc3 e5 3. Nf3 Nc6 4. e4 h6 5. Be2 g6 6. O-O Bg7 7. d3 O-O 8. h3 d6
9. Be3 Kh7 10. Nh2 Nd4 11. f4 Nxe2+ 12. Nxe2 exf4 13. Nxf4 c6 14. Kh1 Re8 15.
Qf3 Qe7 16. Rae1 Nd7 17. Bc1 a5 18. Ne2 Nc5 19. Ng3 Be6 20. Ng4 Bxg4 21. hxg4
Qh4+ 22. Kg1 Ne6 23. Ne2 Rf8 24. Qh3 Qxh3 25. gxh3 Nd4 26. Nxd4 Bxd4+ 27. Kg2 a4
28. Bf4 Rad8 29. Be3 Bxb2 30. Rb1 a3 31. Bc1 Bxc1 32. Rfxc1 Rd7 33. Rf1 Kg7 34.
Rb3 Ra8 35. Kf3 d5 36. cxd5 cxd5 37. e5 Ra4 38. Ke3 Re7 39. d4 Rc7 40. Rfb1 Rcc4
41. Rd3 Rc2 42. Rxb7 Ra6 43. Rd2 Rc3+ 44. Rd3 Rc2 45. Rd2 Rc1 46. Rf2 Rc3+ 47.
Kd2 Rxh3 48. Rbxf7+ 1-0

[Event "FIDE World Bl Team Pool D"]
[Site "London ENG"]
[Date "2025.06.14"]
[Round "6.5"]
[White "Kairbekova, Amina"]
[Black "Tazhimyrzaev, Elzarbek"]
[Result "1-0"]
[WhiteTitle "WIM"]
[WhiteElo "2317"]
[BlackElo "1828"]
[WhiteTeam "Barys.kz"]
[BlackTeam "Noval Group Kyrgyzstan"]
[WhiteFideId "13712799"]
[BlackFideId "13814133"]
[EventDate "2025.06.14"]
[EventType "team"]

1. e4 d6 2. d4 c6 3. Nc3 Nf6 4. f4 Qa5 5. e5 Nd5 6. Nf3 g6 7. Bd3 Bg4 8. O-O Nd7
9. Nxd5 cxd5 10. exd6 e6 11. h3 Bxf3 12. Qxf3 Bxd6 13. c3 h5 14. Re1 h4 15. Bd2
Qc7 16. Qxd5 O-O 17. Qf3 Nf6 18. Re5 Qc6 19. Qe2 Bxe5 20. fxe5 Nh5 21. Qg4 Ng3
22. Qxh4 Nf5 23. Qf6 Rad8 24. Rf1 Qc7 1-0

[Event "FIDE World Bl Team Pool D"]
[Site "London ENG"]
[Date "2025.06.14"]
[Round "6.6"]
[White "Sovetbekova, Nurai"]
[Black "Nurakyn, Suleiman"]
[Result "1-0"]
[WhiteTitle "WFM"]
[WhiteElo "2007"]
[BlackElo "1773"]
[WhiteTeam "Noval Group Kyrgyzstan"]
[BlackTeam "Barys.kz"]
[WhiteFideId "13801910"]
[BlackFideId "447003073"]
[EventDate "2025.06.14"]
[EventType "team"]

1. d4 Nf6 2. Bf4 g6 3. e3 Bg7 4. Nf3 O-O 5. Be2 b6 6. h3 Bb7 7. O-O d6 8. c4
Nbd7 9. Nc3 Ne4 10. Nxe4 Bxe4 11. Nd2 Bb7 12. Bf3 Bxf3 13. Nxf3 c5 14. Rc1 Rc8
15. Qd2 Nf6 16. Rfd1 Qc7 17. b3 Rfd8 18. Qe2 Qb7 19. d5 b5 20. e4 bxc4 21. Rxc4
Nd7 22. Rcc1 a5 23. Nd2 a4 24. Rb1 axb3 25. Rxb3 Qa7 26. Nc4 Ra8 27. a3 Rdb8 28.
Rdb1 Rxb3 29. Rxb3 Rb8 30. Qc2 Nf6 31. f3 h6 32. Qb1 Rxb3 33. Qxb3 Nh5 34. Be3
Ng3 35. a4 Ne2+ 36. Kh2 Nc3 37. a5 h5 38. Qb6 Qd7 39. a6 Qa4 40. a7 Kh7 41. Qa5
Qxc4 42. a8=Q Be5+ 43. f4 Qxe4 44. fxe5 Qxe3 45. Qa1 Qxe5+ 46. Kh1 Qg3 47. Q8a3
Ne4 48. Qxg3 Nxg3+ 49. Kg1 Ne2+ 50. Kf2 Nd4 51. Qe1 e5 52. dxe6 fxe6 53. Qd1 Kg7
54. Ke3 Kf6 55. Kd3 Ke5 56. Qe1+ Kf6 57. Qf2+ Ke7 58. g4 hxg4 59. hxg4 e5 60.
Qh4+ Ke6 61. Qg5 Kf7 62. Ke4 Ne6 63. Qc1 Kf6 64. Kd5 Ke7 65. Qa1 Nf4+ 66. Kc6
Ke6 67. Qa2+ d5 68. Kxc5 Kf6 69. Kd6 d4 70. Qg8 Kg5 71. Qd8+ Kxg4 72. Kxe5 d3
73. Qd7+ Kg3 74. Ke4 g5 75. Qd6 Kg4 76. Ke3 Kg3 77. Qe5 Kg4 78. Kf2 Nh3+ 79. Kg2
Nf4+ 80. Kh2 d2 81. Qd4 Kf5 82. Qxd2 g4 83. Kg3 Nh5+ 84. Kh4 Nf4 85. Qf2 Ke5 86.
Kxg4 Ne6 87. Qe3+ Kf6 88. Qe4 Kf7 89. Kf5 Ng7+ 90. Ke5 Ke7 91. Qb7+ Kf8 92. Kf6
Nh5+ 93. Kg6 Nf4+ 94. Kf5 Nh5 95. Qh7 Ng3+ 1-0

[Event "FIDE World Bl Team Pool D"]
[Site "London ENG"]
[Date "2025.06.14"]
[Round "6.1"]
[White "Cancedda-Dupuis, Livio"]
[Black "Navara, David"]
[Result "0-1"]
[BlackTitle "GM"]
[WhiteElo "2053"]
[BlackElo "2657"]
[WhiteTeam "The London Legends"]
[BlackTeam "Hetman GKS Katowice"]
[WhiteFideId "499447"]
[BlackFideId "309095"]
[EventDate "2025.06.14"]
[EventType "team"]

1. Nf3 c5 2. b3 d5 3. Bb2 Nf6 4. e3 e6 5. d4 Nc6 6. Nbd2 cxd4 7. exd4 g6 8. Bd3
Bg7 9. O-O O-O 10. Re1 Nd7 11. c3 Re8 12. Nf1 e5 13. dxe5 Ndxe5 14. Nxe5 Nxe5
15. Be2 Be6 16. Ne3 Rc8 17. Rc1 Qa5 18. a3 Red8 19. Nc2 Nc6 20. Nb4 Qb6 21. Qd2
Na5 22. Bd1 h5 23. Bc2 d4 24. c4 Bxc4 25. bxc4 Nxc4 26. Qe2 Nxb2 27. Bxg6 Qxg6
28. Qxb2 d3 29. Rxc8 Rxc8 30. Qb3 d2 31. Rd1 Rc1 32. Na2 Qe6 33. Qa4 Qe1+ 0-1

[Event "FIDE World Bl Team Pool D"]
[Site "London ENG"]
[Date "2025.06.14"]
[Round "6.2"]
[White "Klimkowski, Jan"]
[Black "Bryant, Harry"]
[Result "1-0"]
[WhiteTitle "GM"]
[WhiteElo "2508"]
[BlackElo "2062"]
[WhiteTeam "Hetman GKS Katowice"]
[BlackTeam "The London Legends"]
[WhiteFideId "21856222"]
[BlackFideId "489158"]
[EventDate "2025.06.14"]
[EventType "team"]

1. e4 c5 2. Nf3 d6 3. Bb5+ Bd7 4. Bxd7+ Qxd7 5. O-O Nf6 6. Qe2 Nc6 7. c3 e6 8.
d4 cxd4 9. cxd4 d5 10. e5 Ne4 11. Be3 Be7 12. Ne1 h6 13. Nd3 Rc8 14. f3 Ng5 15.
Nc3 Nb4 16. Nf2 O-O 17. a3 Nc6 18. f4 Nh7 19. Nd3 Na5 20. Rac1 b5 21. Qg4 f5 22.
exf6 Nxf6 23. Qh3 Nc4 24. Ne5 Nxe5 25. dxe5 Nh7 26. Rcd1 b4 27. Nxd5 Kh8 28.
Nxb4 Qb5 29. Qxe6 Rfe8 30. Qd7 Qe2 31. Qd2 Qc4 32. Bxa7 Nf8 33. Be3 Ng6 34. Qd3
Qf7 35. Nd5 Bf8 36. Qe4 Nh4 37. Bf2 Nf5 38. Ne3 Ne7 39. f5 Nc6 40. e6 Qf6 41. b4
Qb2 42. Rd7 Qxa3 43. b5 Ne7 44. Nd5 Ng8 45. Bd4 Rcd8 46. Rxd8 Rxd8 47. f6 gxf6
48. Nxf6 Qe7 1-0

[Event "FIDE World Bl Team Pool D"]
[Site "London ENG"]
[Date "2025.06.14"]
[Round "6.3"]
[White "Dasgupta, Avyukt"]
[Black "Seemann, Jakub"]
[Result "0-1"]
[BlackTitle "IM"]
[WhiteElo "2125"]
[BlackElo "2450"]
[WhiteTeam "The London Legends"]
[BlackTeam "Hetman GKS Katowice"]
[WhiteFideId "480630"]
[BlackFideId "21874697"]
[EventDate "2025.06.14"]
[EventType "team"]

1. d4 Nf6 2. Bg5 Ne4 3. Bf4 d5 4. e3 c5 5. c3 Nc6 6. Nd2 Nxd2 7. Qxd2 e6 8. Nf3
Bd6 9. Bxd6 Qxd6 10. Bb5 O-O 11. O-O a6 12. Bxc6 bxc6 13. b4 c4 14. Qe2 f6 15.
e4 Bd7 16. e5 Qc7 17. Qe3 Rae8 18. Rae1 Re7 19. Nd2 Be8 20. f4 Bg6 21. g4 Bd3
22. Rf2 f5 23. g5 a5 24. a3 axb4 25. axb4 Ra8 26. g6 h6 27. Nb3 cxb3 28. Qxd3
Qc8 29. Rb1 Qe8 30. Rg2 Rea7 31. Rxb3 Ra2 32. Rb1 Rxg2+ 33. Kxg2 Ra2+ 34. Kh1
Qxg6 35. Qg3 Qxg3 36. hxg3 Rc2 37. Rb3 Kf7 38. b5 cxb5 39. Rxb5 Rxc3 40. Rb7+
Kg6 41. Re7 Rxg3 42. Rxe6+ Kh5 43. Rd6 Re3 44. Rxd5 Kg4 45. Rd7 g5 46. Rg7 Kg3 0-1

[Event "FIDE World Bl Team Pool D"]
[Site "London ENG"]
[Date "2025.06.14"]
[Round "6.4"]
[White "Cieslak, Patryk"]
[Black "Vashisht-Pigem, Raman"]
[Result "1-0"]
[WhiteTitle "FM"]
[WhiteElo "2442"]
[BlackElo "1965"]
[WhiteTeam "Hetman GKS Katowice"]
[BlackTeam "The London Legends"]
[WhiteFideId "21078882"]
[BlackFideId "469734"]
[EventDate "2025.06.14"]
[EventType "team"]

1. e4 e5 2. Nf3 Nc6 3. Bc4 Nf6 4. d3 Bc5 5. c3 d6 6. Bg5 h6 7. Bh4 g5 8. Bg3 a6
9. a4 Ba7 10. Nbd2 Qe7 11. b4 Be6 12. b5 Na5 13. Bxe6 Qxe6 14. bxa6 bxa6 15. Rb1
O-O 16. O-O Rab8 17. Qc2 Rb6 18. Rxb6 Bxb6 19. d4 Nd7 20. Qd3 Ra8 21. Rd1 Qe7
22. Nc4 Nxc4 23. Qxc4 exd4 24. Qc6 Re8 25. cxd4 Nb8 26. Qc3 Qxe4 27. a5 Ba7 28.
Qxc7 Bxd4 29. Qxd6 Bg7 30. h3 Qc6 31. Qd3 Rc8 32. Qf5 Qe6 33. Qb1 Nc6 34. Qb6
Ne7 35. Qxe6 fxe6 36. Rd6 Nc6 37. Rxe6 Nxa5 38. Rxa6 Nc4 39. Ra2 Re8 40. Rc2 Nb6
41. Kf1 Nd5 42. Rd2 Nf6 43. Rd1 Ne4 44. Bh2 Kf7 45. Rb1 Re7 46. g4 Nf6 47. Rd1
Ne4 48. Rc1 Nf6 49. Ne5+ Kg8 50. Rc8+ Kh7 51. Rc4 Nd7 52. Nd3 Nf6 53. Be5 Nd7
54. Bxg7 Kxg7 55. Kg2 Nf6 56. Rc2 Kf7 57. Nc1 Rd7 58. Ne2 Re7 59. Ng3 Kg6 60.
Nf5 Rd7 61. Rc6 Rh7 62. Re6 h5 63. Kg3 hxg4 64. hxg4 Rd7 65. Ra6 Rc7 66. f3 Rd7
67. Ra8 Kf7 68. Ra1 Rc7 69. Rh1 Ke6 70. Nh6 Rc3 71. Re1+ Kd6 72. Nf7+ Kd7 73.
Nxg5 Nd5 74. Ne4 Rd3 75. Rc1 Ke7 76. Ra1 Kd7 77. Nc5+ 1-0

[Event "FIDE World Bl Team Pool D"]
[Site "London ENG"]
[Date "2025.06.14"]
[Round "6.5"]
[White "Mokhber-Garcia, Sebastian"]
[Black "Saduakassova, Dinara"]
[Result "0-1"]
[BlackTitle "IM"]
[WhiteElo "1853"]
[BlackElo "2435"]
[WhiteTeam "The London Legends"]
[BlackTeam "Hetman GKS Katowice"]
[WhiteFideId "499269"]
[BlackFideId "13700090"]
[EventDate "2025.06.14"]
[EventType "team"]

1. e4 e5 2. Nf3 Nc6 3. Bc4 Bc5 4. d3 Nf6 5. O-O d6 6. c3 a5 7. Nbd2 O-O 8. Re1
Re8 9. Nf1 Be6 10. Bb5 Bb6 11. Ng3 h6 12. d4 Bd7 13. Bc4 exd4 14. cxd4 Bg4 15.
d5 Ne5 16. Be2 Nxf3+ 17. Bxf3 Bxf3 18. Qxf3 Nxd5 19. Nf5 Ne7 20. Ng3 Ng6 21. Bd2
Ne5 22. Qh5 Nd3 23. Re2 Qf6 24. Bc3 Qg6 25. Qxg6 fxg6 26. Rd1 Nf4 27. Rc2 Re7
28. Kf1 a4 29. f3 Rf7 30. Bd4 Bxd4 31. Rxd4 Ne6 32. Rdd2 a3 33. b3 h5 34. Ne2 g5
35. Kg1 g4 36. fxg4 hxg4 37. Ng3 g6 38. Rc4 Nc5 39. e5 Nxb3 40. Rdc2 Nc5 41.
exd6 cxd6 42. Rxg4 Kg7 43. Nh5+ Kh6 44. Nf4 Rg8 45. Rc3 Rf6 46. Rh3+ Kg7 47.
Nh5+ Kf7 48. Nxf6 Kxf6 49. Rf3+ Ke5 50. Rfg3 b5 51. Rxa3 Ne4 52. Re3 d5 53. Rb3
Nd6 54. h4 Rh8 55. g3 Rh6 56. Re3+ Ne4 57. Rg5+ Kd4 58. Rxe4+ Kxe4 59. Kf2 Rh8
60. Rxg6 Ra8 61. Rg4+ Kd3 62. Rg5 Kc4 63. Ke3 Rxa2 64. Rg4+ Kc3 65. Rg8 d4+ 66.
Ke4 Re2+ 67. Kf3 d3 68. Rc8+ Kb2 69. Rd8 Kc2 70. Rc8+ Kd2 71. Rb8 Re5 72. Kf4
Rc5 73. g4 Kc2 74. Rd8 b4 75. g5 b3 76. g6 Rc7 77. h5 b2 78. Rb8 b1=Q 79. Rxb1
Kxb1 80. h6 d2 81. g7 d1=Q 82. g8=Q Qd2+ 83. Kf3 Rc3+ 84. Ke4 Qxh6 85. Qg1+ Kb2
86. Qb6+ Qxb6 0-1

[Event "FIDE World Bl Team Pool D"]
[Site "London ENG"]
[Date "2025.06.14"]
[Round "6.6"]
[White "Smolinski, Wojciech"]
[Black "Maton, Emily"]
[Result "0-1"]
[WhiteElo "1987"]
[BlackElo "1980"]
[WhiteTeam "Hetman GKS Katowice"]
[BlackTeam "The London Legends"]
[WhiteFideId "21088683"]
[BlackFideId "343120293"]
[EventDate "2025.06.14"]
[EventType "team"]

1. e4 c5 2. Nf3 e6 3. d3 Nc6 4. g3 Nf6 5. Bg2 d5 6. Nbd2 dxe4 7. dxe4 Be7 8. O-O
O-O 9. c3 b6 10. Qe2 Bb7 11. Rd1 Qc7 12. Nf1 Rfd8 13. Bf4 e5 14. Bg5 h6 15. Bxf6
Bxf6 16. Ne3 Ne7 17. Ng4 Rd6 18. Rxd6 Qxd6 19. Rd1 Qe6 20. Bh3 Qc6 21. Re1 Ng6
22. Nxf6+ Qxf6 23. Nd2 Qg5 24. Bg2 Rd8 25. Rd1 Qe7 26. Nf1 Bc6 27. Ne3 Rxd1+ 28.
Qxd1 Qd7 29. Nd5 Ne7 30. c4 b5 31. Bh3 Qb7 32. Nxe7+ Qxe7 33. cxb5 Bxb5 34. Bg2
Qd7 35. Qxd7 Bxd7 36. Bf1 Bc6 37. f3 f6 38. Bc4+ Kf8 39. Kf2 Ke7 40. Ke3 Kd6 41.
Kd2 Bd7 42. Kc3 Bh3 43. Be2 Be6 44. b3 f5 45. exf5 Bxf5 46. Bd3 Be6 47. Be4 Bd5
48. Kd3 Be6 49. Kc3 Bf7 50. h4 g5 51. hxg5 hxg5 52. g4 Be6 53. a3 Bf7 54. b4
cxb4+ 55. Kxb4 Be8 56. Ka5 Kc7 57. Ka6 Kb8 58. Ka5 Kc7 59. Kb4 Kd6 60. Ka5 Kc7
61. Bd5 Kd6 62. Be4 Kc7 63. Ka6 Kb8 64. Bd5 Bd7 65. Be4 Be8 66. Bd3 Bc6 67. Be4
Bd7 68. Bd5 Be8 69. Be6 Bc6 70. Bc4 Bxf3 71. Ka5 Bxg4 72. Kb4 Bf3 73. Kc3 Kc7
74. Kd2 Kd6 75. Ke3 e4 76. Bf7 Ke5 77. Bb3 g4 78. Kf2 Kf4 79. Bc4 g3+ 80. Kg1 e3
81. Kf1 g2+ 82. Kg1 Kg3 83. a4 e2 84. Bxe2 Bxe2 85. a5 Kf3 86. a6 Bxa6 0-1

[Event "FIDE World Bl Team Pool D"]
[Site "London ENG"]
[Date "2025.06.14"]
[Round "6.1"]
[White "Fernandez, Daniel Howard"]
[Black "Skytte, Rasmus"]
[Result "1-0"]
[WhiteTitle "GM"]
[BlackTitle "IM"]
[WhiteElo "2484"]
[BlackElo "2367"]
[WhiteTeam "English Knightmares"]
[BlackTeam "Danish Futures"]
[WhiteFideId "5801605"]
[BlackFideId "1404210"]
[EventDate "2025.06.14"]
[EventType "team"]

1. e4 g6 2. d4 Bg7 3. Nf3 Nf6 4. e5 Ne4 5. h4 h5 6. Ng5 d5 7. Nxe4 dxe4 8. Be3
c5 9. c3 Nc6 10. Bb5 O-O 11. O-O Bg4 12. Qd2 e6 13. Bg5 Qc7 14. Bxc6 bxc6 15. b4
cxb4 16. cxb4 a5 17. Nc3 Bf5 18. a3 Rfb8 19. Ne2 axb4 20. axb4 Rxa1 21. Rxa1 Bf8
22. Bf6 Rxb4 23. Ng3 Qb6 24. Ra8 Qc7 25. Qh6 1-0

[Event "FIDE World Bl Team Pool D"]
[Site "London ENG"]
[Date "2025.06.14"]
[Round "6.2"]
[White "Kistrup, Nicolai"]
[Black "Badacsonyi, Stanley"]
[Result "0-1"]
[WhiteTitle "IM"]
[BlackTitle "FM"]
[WhiteElo "2381"]
[BlackElo "2300"]
[WhiteTeam "Danish Futures"]
[BlackTeam "English Knightmares"]
[WhiteFideId "1444816"]
[BlackFideId "486973"]
[EventDate "2025.06.14"]
[EventType "team"]

1. c4 Nf6 2. Nf3 g6 3. Nc3 Bg7 4. e4 d6 5. d4 O-O 6. Be2 e5 7. O-O Nc6 8. d5 Ne7
9. b4 a5 10. bxa5 Rxa5 11. a4 b6 12. Ba3 Ne8 13. Nd2 Ra8 14. Nb3 Bd7 15. a5 bxa5
16. c5 a4 17. Nd2 dxc5 18. Bxc5 Nd6 19. Nxa4 f5 20. Nc3 Rxa1 21. Qxa1 fxe4 22.
Ndxe4 Nef5 23. Bg4 Nd4 24. Qd1 Bxg4 25. Qxg4 Rf4 26. Qe6+ Nxe6 0-1

[Event "FIDE World Bl Team Pool D"]
[Site "London ENG"]
[Date "2025.06.14"]
[Round "6.3"]
[White "Banerjee, Supratit"]
[Black "Nilssen, Ellen Fredericia"]
[Result "1-0"]
[WhiteTitle "FM"]
[BlackTitle "WIM"]
[WhiteElo "2311"]
[BlackElo "2160"]
[WhiteTeam "English Knightmares"]
[BlackTeam "Danish Futures"]
[WhiteFideId "2410079"]
[BlackFideId "1441230"]
[EventDate "2025.06.14"]
[EventType "team"]

1. e4 e6 2. d4 d5 3. e5 c5 4. c3 Nc6 5. Nf3 Bd7 6. Be2 Nge7 7. O-O cxd4 8. cxd4
Nf5 9. Nc3 Rc8 10. Re1 Qb6 11. Na4 Qa5 12. Bd2 Nb4 13. Nc5 Bxc5 14. dxc5 Qxc5
15. Rc1 Qb6 16. a3 Rxc1 17. Qxc1 Nc6 18. b4 O-O 19. Bd3 Ncd4 20. Nxd4 Qxd4 21.
Bxf5 exf5 22. Be3 Qd3 23. Bxa7 Rc8 24. Qe3 Qc2 25. Bd4 Rc4 26. e6 Be8 27. exf7+
Bxf7 28. Qg5 Rxd4 29. Qd8+ 1-0

[Event "FIDE World Bl Team Pool D"]
[Site "London ENG"]
[Date "2025.06.14"]
[Round "6.4"]
[White "Skytte, Robert"]
[Black "Badacsonyi, Frankie"]
[Result "1-0"]
[WhiteTitle "CM"]
[BlackTitle "FM"]
[WhiteElo "2015"]
[BlackElo "2189"]
[WhiteTeam "Danish Futures"]
[BlackTeam "English Knightmares"]
[WhiteFideId "1471775"]
[BlackFideId "460400"]
[EventDate "2025.06.14"]
[EventType "team"]

1. e4 e6 2. d4 d5 3. Nc3 Nf6 4. e5 Nfd7 5. f4 c5 6. Nf3 Nc6 7. Be3 a6 8. Qd2 b5
9. a3 Qa5 10. dxc5 Bxc5 11. Bxc5 Nxc5 12. Nd4 Nxd4 13. Qxd4 Qb6 14. Be2 Bd7 15.
O-O Na4 16. Qxb6 Nxb6 17. Rad1 O-O 18. f5 Rfc8 19. f6 gxf6 20. exf6 Nc4 21. Rd3
Ne5 22. Rg3+ Kh8 23. Bh5 Rg8 24. Re3 Ng6 25. Ne2 Rac8 26. c3 Rc4 27. Nd4 e5 28.
Nf3 e4 29. Nd4 Ne5 30. Nf5 Bxf5 31. Rxf5 Ng4 32. Bxg4 Rxg4 33. Re5 h6 34. Re8+
Kh7 35. h3 Rg5 36. h4 Rf5 37. Rg3 Rxf6 38. h5 Re6 39. Reg8 Rg6 40. hxg6+ fxg6
41. R3xg6 1-0

[Event "FIDE World Bl Team Pool D"]
[Site "London ENG"]
[Date "2025.06.14"]
[Round "6.5"]
[White "Hng, Mei-En Emmanuelle"]
[Black "Derlich, Sarah Sima"]
[Result "1-0"]
[WhiteTitle "WFM"]
[BlackTitle "WCM"]
[WhiteElo "2136"]
[BlackElo "1926"]
[WhiteTeam "English Knightmares"]
[BlackTeam "Danish Futures"]
[WhiteFideId "5804566"]
[BlackFideId "1469290"]
[EventDate "2025.06.14"]
[EventType "team"]

1. Nf3 d5 2. c4 e6 3. d4 Nf6 4. Nc3 c6 5. Bg5 Be7 6. e3 O-O 7. Be2 dxc4 8. Bxc4
b5 9. Bd3 Nbd7 10. O-O a6 11. e4 c5 12. e5 Nd5 13. Nxd5 Bxg5 14. Nc3 cxd4 15.
Be4 Rb8 16. Qxd4 Be7 17. Rfd1 Qb6 18. Qd2 Nc5 19. Bc2 Bb7 20. Qf4 h6 21. Rd2 Qc6
22. h4 g5 23. hxg5 Bxg5 24. Qg3 Kh8 25. Nxg5 hxg5 26. Qxg5 Rg8 27. Qh6# 1-0

[Event "FIDE World Bl Team Pool D"]
[Site "London ENG"]
[Date "2025.06.14"]
[Round "6.6"]
[White "Andries, Leia"]
[Black "Jain, Gautam"]
[Result "0-1"]
[WhiteElo "1830"]
[BlackElo "1979"]
[WhiteTeam "Danish Futures"]
[BlackTeam "English Knightmares"]
[WhiteFideId "1469207"]
[BlackFideId "425311"]
[EventDate "2025.06.14"]
[EventType "team"]

1. e4 e5 2. Nf3 Nc6 3. d4 exd4 4. Nxd4 Nf6 5. Nxc6 bxc6 6. e5 Qe7 7. Qe2 Nd5 8.
c4 Ba6 9. b3 g6 10. f4 Bg7 11. Qd2 Nxf4 12. Bb2 Bxe5 13. Kf2 Qc5+ 14. Ke1 Bxb2
15. Qxb2 Qe3+ 16. Kd1 O-O 17. Nd2 Rae8 18. Kc2 d5 19. g3 Ne6 20. cxd5 Bxf1 21.
Rhxf1 Nd4+ 22. Kc1 Qe1+ 0-1